La puerta de la luna (Record no. 180896)

MARC details
000 -LEADER
campo de control de longitud fija 01079nam a2200313 i 4500
001 - NÚMERO DE CONTROL
campo de control 180896
003 - IDENTIFICADOR DE NÚMERO DE CONTROL
campo de control ES-MaACL
005 - FECHA Y HORA DE LA ÚLTIMA TRANSACCIÓN
campo de control 20250911062658.0
008 - DATOS DE LONGITUD FIJA--INFORMACIÓN GENERAL
campo de control de longitud fija 120814s2010 sp acf |||| | spa d
020 ## - NÚMERO INTERNACIONAL ESTÁNDAR DEL LIBRO
Número Internacional Estándar del Libro 978-84-233-4350-8
080 ## - NÚMERO DE LA CLASIFICACIÓN DECIMAL UNIVERSAL
Número de la Clasificación Decimal Universal 821.134.2-34"19"
100 1# - ENTRADA PRINCIPAL--NOMBRE DE PERSONA
Nombre de persona Matute, Ana María,
Fechas asociadas al nombre 1925-2014
9 (RLIN) 79165
245 13 - MENCIÓN DEL TÍTULO
Título La puerta de la luna
Resto del título : cuentos completos /
Mención de responsabilidad, etc. Ana María Matute ; [introducción y compilación de María Paz Ortuño Ortín].
246 30 - FORMA VARIANTE DEL TITULO
Título propio/Titulo breve Cuentos completos
250 ## - MENCION DE EDICION
Mención de edición 1ª ed.
260 ## - PUBLICACIÓN, DISTRIBUCIÓN, ETC.
Lugar de publicación, distribución, etc. Barcelona :
Nombre del editor, distribuidor, etc. Destino,
Fecha de publicación, distribución, etc. 2010.
300 ## - DESCRIPCIÓN FÍSICA
Extensión [6] p. de lám. fot., 850 p., [6] p. de lám. ;
Dimensiones 23 cm.
490 1# - MENCIÓN DE SERIE
Mención de serie Destino clásicos ;
Designación de volumen o secuencia 8
490 1# - MENCIÓN DE SERIE
Mención de serie Áncora y delfín
500 ## - NOTA GENERAL
Nota general Índices.
700 1# - ENTRADA AGREGADA--NOMBRE PERSONAL
Nombre de persona Ortuño Ortín, María Paz.
9 (RLIN) 151297
830 0# - PUNTO DE ACCESO ADICIONAL DE SERIE-TÍTULO UNIFORME
Título uniforme Destino clásicos ;
Designación de volumen o secuencia 8
9 (RLIN) 224654
830 00 - PUNTO DE ACCESO ADICIONAL DE SERIE-TÍTULO UNIFORME
Título uniforme Áncora y Delfín
9 (RLIN) 151298
830 #0 - PUNTO DE ACCESO ADICIONAL DE SERIE-TÍTULO UNIFORME
Título uniforme Áncora y Delfín
9 (RLIN) 151298
852 ## - LOCALIZACIÓN
Ubicación ES-MaACL
Número de control de estantería A-12175
itemnumber 187775
Sublocalización o colección R.147153
Ubicación en estantería Depósito 1
Signatura antigua Olim: N-5180
942 ## - ELEMENTOS DE ENTRADA SECUNDARIOS (KOHA)
Fuente del sistema de clasificación o colocación Clasificación decimal universal
Tipo de ítem Koha Libro impreso
Holdings
Estatus retirado Estado de pérdida Fuente del sistema de clasificación o colocación Estado de daño No para préstamo Biblioteca de origen Biblioteca actual Ubicación en estantería Fecha de adquisición Fuente de adquisición Total de préstamos Signatura topográfica completa Código de barras Visto por última vez Precio de reemplazo Tipo de ítem Koha
    Clasificación decimal universal     Biblioteca del Ateneo de Madrid Biblioteca del Ateneo de Madrid Depósito 1 14/08/2012 Compra   A-12175 1190093 23/02/2023 23/02/2023 Libro impreso